| 000 | 00382nam a2200145Ia 4500 | ||
|---|---|---|---|
| 008 | 231129s2004||||xx |||||||||||||| ||spa|| | ||
| 020 | _a84-481-4280-2 | ||
| 040 | _bspa | ||
| 082 | _a004.68 T622r | ||
| 100 | _aTittel Ed. | ||
| 245 | 0 | _aRedes de computadores | |
| 260 | _c2004 | ||
| 264 | _aMadrid EspaƱa : McGraw-Hill | ||
| 942 |
_2ddc _cBKS |
||
| 999 |
_c23809 _d23809 |
||